000 01033cab a2200193 4500
001 ##L132807
008 060309n2006 000 0 eng u
035 _a(Sirsi) u132807
041 0 _aeng
100 1 _aDodsworth, Catriona
245 0 0 _aContract time is of the essence
260 _c2006
490 0 _aConstruction News
_v(6957) 9 March 2006, 36(1)
520 _aAdvises on the complex subject of calculation of time periods. Contracts and statutes may contain express provisions as to how time should be calculated, whilst general rules have also evolved on the reckoning of time. The time provisions of the Civil Procedure Rules (CPR) apply to any period of time specified by the CPR itself or by a practice direction, judgment or court order. Careful attention always needs to be paid to the language used, the context and any case law applicable.
590 _aIKA140306
650 2 4 _aCIVIL PROCEDURE RULES PART 2
690 _aBUILT ENVIRONMENT-CONSTRUCTION MANAGEMENT-BUILDING CONTRACT ADMINISTRATION
942 _n0
999 _c76641
_d76641